Mitos y leyendas de nuestra América
Salvato in:
| Autore principale: | |
|---|---|
| Natura: | Libro |
| Lingua: | spagnolo |
| Pubblicazione: |
Santiago
Mare Nostrum
2005
|
| Serie: | Colección la buena letra
|
| Soggetti: | |
| Tags: |
Aggiungi Tag
Nessun Tag, puoi essere il primo ad aggiungerne!!
|
MARC
| LEADER | 00000nam a2200000 a 4500 | ||
|---|---|---|---|
| 001 | UCH8440 | ||
| 003 | CL-VaPUC | ||
| 008 | 091127e20050000CL |||||||||||||||||spa|d | ||
| 020 | |a 9562940993 | ||
| 082 | 0 | 4 | |a Ch863 |b GEV |2 21 |
| 100 | |a Gevert, Lucía |e author |9 545044 | ||
| 245 | 1 | 0 | |a Mitos y leyendas de nuestra América |
| 300 | |a 140 p | ||
| 942 | |c BK | ||
| 945 | |d 20091127 00:00:00 | ||
| 260 | |a Santiago |b Mare Nostrum |c 2005 | ||
| 650 | 0 | |a Cuentos chilenos |9 308280 | |
| 650 | 0 | |a Literatura chilena |9 308278 | |
| 650 | 0 | |a Literatura infantil |9 307465 | |
| 583 | |a last modification |c 20091127 00:00:00 |k Rodrigo Vera | ||
| 490 | 0 | |a Colección la buena letra | |
| 999 | |c 338652 |d 338650 | ||